000 00479nam a2200181Ia 4500
005 20240823062251.0
008 240823s9999||||xx |||||||||||||| ||und||
041 _aENGLISH
082 _A004.22 M5
100 _aHawang Kai andBriggs Faye A
245 0 _aComputer Architecture and Parallel Processing
250 _a1st
260 _c1985
_b"MGH,New York"
500 _aTRANSFERED
650 _aComputer Architecture
_bComputer Applications
942 _cBK
999 _c235477
_d235477